Piero della Francesca: historias de la cruz

保存先:
書誌詳細
第一著者: Salmi, Mario (著者)
フォーマット: 図書
言語:スペイン語
出版事項: Madrid Albaicin Sadea Editores 1966
版:1a. ed
シリーズ:Forma y Color. Los Grandes Ciclos del Arte
主題:
タグ: タグ追加
タグなし, このレコードへの初めてのタグを付けませんか!

MARC

LEADER 00000cam a2200000 a 4500
001 UCE2929
003 CL-VaPUC
008 140807e19660000sp |||||||||||||||||spa|d
082 0 4 |a 759.03  |b SAL  |2 21 
100 0 |a Salmi, Mario  |e author  |9 575451 
245 1 0 |a Piero della Francesca: historias de la cruz 
250 |a 1a. ed 
300 |a 29 p 
942 |c BK 
945 |d 20140807 14:45:00  |a dcastane 
260 |a Madrid  |b Albaicin Sadea Editores  |c 1966 
600 0 |a Francesca, Piero della   |d 1890-1970.  |9 333612 
650 7 |a PINTURA MEDIEVAL  |2 CL-VaPUC  |9 265292 
650 7 |a PINTORES MEDIEVALES  |2 CL-VaPUC  |9 444336 
583 |a last modification  |c 20140807 14:45:00  |k Rodrigo Vera 
490 0 |a Forma y Color. Los Grandes Ciclos del Arte 
999 |c 356444  |d 356442 
952 |0 0  |1 0  |3 erb  |4 0  |6 759_030000000000000_SAL_1966  |7 0  |8 A  |9 463786  |a BIBART  |b BIBART  |i 5044367  |o 759.03 SAL 1966  |p 5044367  |r 2025-03-13  |w 2019-11-23  |y BK  |z Catalogado en:20140807  |k ART